Catholic University of Zimbabwe Library
Online Public Access Catalogue
(OPAC)

One step further (Record no. 9555)

MARC details
000 -LEADER
fixed length control field 00419 a2200109 4500
005 - DATE AND TIME OF LATEST TRANSACTION
control field 20191017172924.0
084 ## - OTHER CLASSIFICATION NUMBER
Classification number VBD 1733 (viewing copy)
245 ## - TITLE STATEMENT
Title One step further
Medium videocassette
260 ## - PUBLICATION, DISTRIBUTION, ETC.
Place of publication, distribution, etc. xx
Date of publication, distribution, etc. 1982
300 ## - PHYSICAL DESCRIPTION
Extent 1 videocassette : sd., col.
Other physical details 3/4 in.
Dimensions 1 videocassette : sd., col. ; 3/4 in.
500 ## - GENERAL NOTE
General note produced by HSC-TV The University of Health Science Center at Houston ; writer/producer/narrator Susan R. Madigan.
650 ## - SUBJECT ADDED ENTRY--TOPICAL TERM
Topical term or geographic name entry element FICTION

No items available.

OPENING HOURS

Weekdays: 0815hrs - 1800hrs
Weekends:0900hrs - 1200hrs

Closed for Mass:

Mon, Thur: 1200hrs - 1300hrs
Sunday & Public Holiday’s

CALL SUPPORT

0242-570570, 0242-570169
09200664, +263 8644140602

LOCATION

18443, Cranborne Avenue, Hatfield, Harare

Other Links


©2021 | CUZ Library